000 00206 a2200097 4500
001 24776
100 _aBelson, D
245 _aWhat to Say & How to Say It.
260 _a
_bCitadel
_c
090 _c16741
_d16741
942 _aNUST-CAE
_cM
_c7493
999 _c259849
_d259849